Ilyas Ahmad gaddi ba haisiat novel nigar (Record no. 900616)

MARC details
000 -LEADER
fixed length control field 00720nam a2200253Ia 4500
003 - CONTROL NUMBER IDENTIFIER
control field OSt
005 - DATE AND TIME OF LATEST TRANSACTION
control field 20220930200442.0
008 - FIXED-LENGTH DATA ELEMENTS--GENERAL INFORMATION
fixed length control field urd
037 ## - SOURCE OF ACQUISITION
Terms of availability Dissertations
040 ## - CATALOGING SOURCE
Original cataloging agency CRL
Transcribing agency CRL
Language of cataloging urd
041 ## - LANGUAGE CODE
Source of code urd
Language code of text/sound track or separate title urd
100 ## - MAIN ENTRY--PERSONAL NAME
Personal name Aziza Khanam
9 (RLIN) 564935
110 ## - MAIN ENTRY--CORPORATE NAME
Corporate name or jurisdiction name as entry element University of Delhi. Faculty of Arts. Department of Urdu
245 #0 - TITLE STATEMENT
Title Ilyas Ahmad gaddi ba haisiat novel nigar
260 ## - PUBLICATION, DISTRIBUTION, ETC.
Date of publication, distribution, etc. 1996
650 ## - SUBJECT ADDED ENTRY--TOPICAL TERM
Topical term or geographic name entry element URDU LANGUAGE
700 ## - ADDED ENTRY--PERSONAL NAME
Personal name Dr Irtiza Karim Supervisor
9 (RLIN) 564936
700 ## - ADDED ENTRY--PERSONAL NAME
Personal name University of Delhi. Faculty of Arts. Department of Urdu
942 ## - ADDED ENTRY ELEMENTS (KOHA)
Koha item type Dissertations
Source of classification or shelving scheme Colon Classification (CC)
Holdings
Withdrawn status Lost status Damaged status Not for loan Home library Current library Date acquired Total Checkouts Barcode Date last seen Price effective from Koha item type
        Central Library Central Library 2022-09-30   D00012327 2022-09-30 2022-09-30 Dissertations
Copyright @ Delhi University Library System